Pokémon Letter "I" for each type - Statistics

General Stats
  • This quiz has been taken 8 times
  • The average score is 12 of 16
Answer Stats
Type Pokémon % Correct
Normal Igglybuff|Indeedee
100%
Dark Incineroar|Impidimp|Inkay|Iron Jugulis
88%
Fire Incineroar|Infernape|Iron Moth
88%
Psychic Indeedee|Inkay|Iron Boulder|Iron Crown|Iron Leaves
88%
Grass Iron Leaves|Ivysaur
88%
Poison Iron Moth|Ivysaur
88%
Fairy Igglybuff|Imipidimp|Iron Valiant
75%
Fighting Infernape|Iron Hands|Iron Valiant
75%
Water Inteleon|Iron Bundle
75%
Bug Illumise
63%
Rock Iron Boulder|Iron Thorns
63%
Ice Iron Bundle
63%
Steel Iron Crown|Iron Treads
63%
Electric Iron Hands|Iron Thorns
63%
Flying Iron Jugulis
63%
Ground Iron Treads
63%
No matching quizzes found
Score Distribution
Percent of People with Each Score
Percentile by Number Answered
Your Score History
You have not taken this quiz